Пути интенсификации подземного выщелачивания

Bibliographische Detailangaben
Weitere Verfasser: Чесноков Н. И. Никита Николаевич (редактор)
Sprache:Russisch
Veröffentlicht: Москва, Энергоатомиздат, 1988
Schlagworte:
Format: MixedMaterials Buch
KOHA link:https://koha.lib.tpu.ru/cgi-bin/koha/opac-detail.pl?biblionumber=105596

MARC

LEADER 00000nam0a2200000 4500
001 105596
005 20231031114455.0
010 |a 5283029557 
035 |a (RuTPU)RU\TPU\book\113945 
090 |a 105596 
100 |a 20061120d1988 km y0rusy50 ca 
101 0 |a rus 
102 |a RU 
105 |a a z 001zy 
200 1 |a Пути интенсификации подземного выщелачивания  |f под ред. Н. И. Чеснокова 
210 |a Москва  |c Энергоатомиздат  |d 1988 
215 |a 224 с.  |c ил. 
320 |a Библиогр.: с. 218-221. 
610 1 |a горное дело 
610 1 |a руды 
610 1 |a выщелачивание подземное 
610 1 |a способы 
610 1 |a системы 
610 1 |a продуктивные растворы 
610 1 |a интенсификация 
675 |a 622.234.4  |v 3 
702 1 |a Чесноков  |b Н. И.  |g Никита Николаевич  |4 340 
801 1 |a RU  |b 63413507  |c 20061120  |g PSBO 
801 2 |a RU  |b 63413507  |c 20071023  |g PSBO 
942 |c BK